Biogas for the Caribbean : a regionally-oriented review and annotated bibliography of biogas production and utilisation /

Saved in:
Bibliographic Details
Corporate Author: Caribbean Development Bank. Technology and Energy Unit
Format: Book
Language:English
Published: [Wildey, St. Michael, Barbados : The Bank, [1981]
Subjects:
LEADER 01042nam a2200241 a 4500
001 c000171061
003 CARM
005 19870925000000.0
008 851014s1981 bb a 000 0 eng
019 1 |a 3809331  |5 LACONCORD2021 
035 |a (OCoLC)16524456  |5 LACONCORD2021 
040 |a LC  |b eng  |c LC  |d LC 
043 |a cc----- 
050 0 0 |a TP359.B48  |b B562 1981 
245 0 0 |a Biogas for the Caribbean :  |b a regionally-oriented review and annotated bibliography of biogas production and utilisation /  |c Caribbean Development Bank, Technology and Energy Unit. 
260 |a [Wildey, St. Michael, Barbados :  |b The Bank,  |c [1981] 
300 |a 25, ii, ii p. :  |b ill. ;  |c 28 cm. 
500 |a "November 1981." 
650 0 |a Biogas  |z Caribbean Area. 
710 2 |a Caribbean Development Bank.  |b Technology and Energy Unit. 
852 8 |b CARM  |h A3:AD24C0  |i D06736  |p 0226185  |f BK 
999 f f |i 2e4eb9f6-60bf-56d7-aadd-1bc0d799d7b6  |s 961616c4-219f-59e7-bf23-738272ba6a55 
952 f f |p Can circulate  |a CAVAL  |b CAVAL  |c CAVAL  |d CARM 1 Store  |e D06736  |f A3:AD24C0  |h Other scheme  |i book  |m 0226185